000 00573nam a22002057a 4500
999 _c6292
_d6292
003 OSt
005 20190903142944.0
008 190903b ||||| |||| 00| 0 eng d
020 _a0812116631
040 _cDNLM.
082 _aQZ50 N468 1993.
100 _aNora,J.James;[et....al]
_912911
245 _aNora and Fraser Medical Genetics:
_bPrinciples and Practice.
250 _a4th ed.
260 _aLondon.
_bLea & Febiger
_c1993.
300 _axii,467p;
_bcol,ill;
_ccol,ill;
504 _aIncludes appendix and index.
650 _aMedicine
_9324
942 _2z
_cO_SHELF